00277nam a2200121Ia 4500008004100000082001600041100001700057245002300074250000800097260002300105300000800128650001900136150201s2005 xx 000 0 und d a618.1bG05D aDUTTA , D.C. aTB. OF GYNAECOLOGY a4TH bNBCaCALCATAc2005 a606 aOBST. & GYNEA.